NLSUI OPAC header image

Who is a Parsi? (Record no. 211440)

MARC details
000 -LEADER
fixed length control field 00373nam a22001457a 4500
005 - DATE AND TIME OF LATEST TRANSACTION
control field 20220829193423.0
008 - FIXED-LENGTH DATA ELEMENTS--GENERAL INFORMATION
fixed length control field 220829b ||||| |||| 00| 0 eng d
020 ## - INTERNATIONAL STANDARD BOOK NUMBER
International Standard Book Number 9789391125776
082 ## - DEWEY DECIMAL CLASSIFICATION NUMBER
Classification number 951.14 MEH
100 ## - MAIN ENTRY--PERSONAL NAME
Personal name Mehta Prochy N
245 ## - TITLE STATEMENT
Title Who is a Parsi?
260 ## - PUBLICATION, DISTRIBUTION, ETC.
Place of publication, distribution, etc. 2022
Name of publisher, distributor, etc. Niyogi Books
Date of publication, distribution, etc. New Delhi
650 ## - SUBJECT ADDED ENTRY--TOPICAL TERM
Topical term or geographic name entry element Parses - India - Kolkata
942 ## - ADDED ENTRY ELEMENTS (KOHA)
Source of classification or shelving scheme Dewey Decimal Classification
Koha item type BOOKs
Holdings
Withdrawn status Lost status Source of classification or shelving scheme Materials specified (bound volume or other part) Damaged status Not for loan Home library Current library Shelving location Date acquired Source of acquisition Cost, normal purchase price Total Checkouts Full call number Barcode Date last seen Date last checked out Price effective from Koha item type
    Dewey Decimal Classification HB     NLS NLS General Stacks 29/08/2022 Purchased 795.00 1 951.14 MEH 38834 19/08/2025 13/08/2025 29/08/2022 BOOKs